[Event "CP-2009-S-00004"]
[Site "LSS email"]
[Date "2012.05.08"]
[Round "?"]
[White "Sanner, Zdzislaw"]
[Black "Dvoinikov, Andrey Nikolaevich"]
[Result "1/2-1/2"]
[WhiteElo "2199"]
[BlackElo "2484"]
[PlyCount "81"]
[EventDate "2012.05.11"]
[EventType "tourn (corr)"]
[EventRounds "6"]
[EventCountry "GER"]
[SourceTitle "Telechess CBM 161"]
[Source "ChessBase"]
[SourceDate "2014.07.16"]
[SourceVersion "1"]
[SourceVersionDate "2014.07.16"]
[SourceQuality "1"]

1. d4 Nf6 2. c4 e6 3. g3 d5 4. Nf3 Bb4+ 5. Bd2 Be7 6. Bg2 0-0 7. 0-0 c6 8. Qc2 b6 9. Rd1 Ba6 10. b3 Nbd7 11. Bf4 Rc8 12. Nc3 h6 13. e4 dxc4 14. Nd2 b5 15. bxc4 bxc4 16. Bf1 Nb6 17. a4 Bb4 18. a5 Nbd7 19. Nxc4 c5 20. Na2 Bxc4 21. Bxc4 Bxa5 22. dxc5 Rxc5 23. Bd6 Rc6 24. Qe2 Rxd6 25. Rxd6 Qb8 26. Rdd1 Ne5 27. Kg2 Qa8 28. f3 g5 29. Bd3 g4 30. fxg4 Nxd3 31. Rxd3 Nxe4 32. h4 f5 33. gxf5 Rxf5 34. Rf3 Rd5 35. Kh3 Rd2 36. Qe3 Bb6 37. Qf4 Nf2+ 38. Kg2 Ne4+ 39. Kh3 Nf2+ 40. Kg2 Ne4+ 41. Kh3 1/2-1/2

[Event "WC-2013-T-00005"]
[Site "LSS email"]
[Date "2011.12.24"]
[Round "?"]
[White "Dvoinikov, Andrey Nikolaevich"]
[Black "Percze, Janos"]
[Result "1/2-1/2"]
[WhiteElo "2484"]
[BlackElo "2451"]
[PlyCount "100"]
[EventDate "2011.12.28"]
[EventType "tourn (corr)"]
[EventRounds "12"]
[EventCountry "GER"]
[SourceTitle "Telechess CBM 163"]
[Source "ChessBase"]
[SourceDate "2014.11.11"]
[SourceVersion "2"]
[SourceVersionDate "2014.11.11"]
[SourceQuality "1"]

1. e4 c6 2. d4 d5 3. e5 Bf5 4. Nf3 e6 5. Be2 Nd7 6. 0-0 h6 7. Nbd2 Ne7 8. Nb3 g5 9. Ne1 Qc7 10. Nd3 b6 11. Be3 Bg7 12. f4 0-0-0 13. a4 a5 14. Rc1 f6 15. Bg4 Rhg8 16. Bd2 Rdf8 17. Bxf5 Nxf5 18. c4 dxc4 19. Rxc4 fxe5 20. fxe5 Nb8 21. Qe2 Qd7 22. Bc3 h5 23. Nd2 Bh6 24. b4 g4 25. Nf4 Ng7 26. g3 h4 27. Ne4 hxg3 28. Nd6+ Kd8 29. Bd2 Bxf4 30. Bxf4 gxh2+ 31. Qxh2 Nf5 32. bxa5 g3 33. Qh5 Nxd6 34. exd6 Kc8 35. axb6 Rh8 36. Qf3 Rh4 37. b7+ Qxb7 38. Qe4 Rfh8 39. Rfc1 Rh1+ 40. Kg2 Rxc1 41. Qxe6+ Nd7 42. Bxc1 Kb8 43. d5 cxd5 44. Rd4 Qb3 45. Bh6 Qb2+ 46. Rd2 Qe5 47. Qxe5 Nxe5 48. Rxd5 Rxh6 49. Rxe5 Rxd6 50. Kxg3 Ka7 1/2-1/2

[Event "WC-2013-T-00005"]
[Site "LSS email"]
[Date "2011.12.24"]
[Round "?"]
[White "Percze, Janos"]
[Black "Dvoinikov, Andrey Nikolaevich"]
[Result "1/2-1/2"]
[WhiteElo "2451"]
[BlackElo "2484"]
[PlyCount "65"]
[EventDate "2011.12.28"]
[EventType "tourn (corr)"]
[EventRounds "12"]
[EventCountry "GER"]
[SourceTitle "Telechess CBM 163"]
[Source "ChessBase"]
[SourceDate "2014.11.11"]
[SourceVersion "2"]
[SourceVersionDate "2014.11.11"]
[SourceQuality "1"]

1. e4 c5 2. Nf3 d6 3. d4 cxd4 4. Nxd4 Nf6 5. Nc3 a6 6. Bg5 e6 7. f4 h6 8. Bh4 Qb6 9. Qd2 Qxb2 10. Rb1 Qa3 11. e5 dxe5 12. fxe5 Nd5 13. Nxd5 exd5 14. e6 Bxe6 15. Nxe6 fxe6 16. Bd3 Be7 17. Bg6+ Kd8 18. Bxe7+ Qxe7 19. 0-0 Nd7 20. Rf7 Qc5+ 21. Kh1 Rf8 22. Rxg7 Rf6 23. Qxh6 Qf8 24. Rg1 Kc7 25. h3 Rd8 26. a4 Kc8 27. Qh7 Rf4 28. Rf7 Rxf7 29. Qxf7 Qd6 30. Qg7 Rf8 31. Bd3 Rf4 32. a5 Ra4 33. Qh8+ 1/2-1/2

[Event "WC-2013-T-00005"]
[Site "LSS email"]
[Date "2011.12.24"]
[Round "?"]
[White "Pijl, Richard"]
[Black "Dvoinikov, Andrey Nikolaevich"]
[Result "1/2-1/2"]
[WhiteElo "2308"]
[BlackElo "2484"]
[PlyCount "69"]
[EventDate "2011.12.28"]
[EventType "tourn (corr)"]
[EventRounds "12"]
[EventCountry "GER"]
[SourceTitle "Telechess CBM 163"]
[Source "ChessBase"]
[SourceDate "2014.11.11"]
[SourceVersion "2"]
[SourceVersionDate "2014.11.11"]
[SourceQuality "1"]

1. e4 c5 2. Nf3 d6 3. d4 cxd4 4. Nxd4 Nf6 5. Nc3 a6 6. Be3 e5 7. Nb3 Be6 8. f3 Nbd7 9. g4 Nb6 10. g5 Nh5 11. Qd2 Be7 12. Qf2 Nc4 13. Bxc4 Bxc4 14. Rg1 0-0 15. 0-0-0 Rc8 16. Na4 Rc6 17. Kb1 f5 18. Qd2 b6 19. f4 exf4 20. Bxf4 Bf7 21. Be3 f4 22. Bf2 Rc4 23. Nc3 Bxg5 24. Nd4 Bf6 25. Nd5 Bxd5 26. exd5 Bxd4 27. Bxd4 Qc8 28. Qd3 Rc7 29. Rg5 Qe8 30. Qf3 Nf6 31. Rdg1 g6 32. Qxf4 Qe4 33. Qxe4 Nxe4 34. R5g2 b5 35. Re2 1/2-1/2

[Event "WC-2011-F-00001"]
[Site "LSS email"]
[Date "2011.11.23"]
[Round "?"]
[White "Daus, Peter"]
[Black "Dvoinikov, Andrey Nikolaevich"]
[Result "1/2-1/2"]
[WhiteElo "2430"]
[BlackElo "2484"]
[PlyCount "81"]
[EventDate "2011.12.01"]
[EventType "tourn (corr)"]
[EventRounds "14"]
[EventCountry "GER"]
[SourceTitle "Telechess CBM 163"]
[Source "ChessBase"]
[SourceDate "2014.11.11"]
[SourceVersion "2"]
[SourceVersionDate "2014.11.11"]
[SourceQuality "1"]

1. d4 Nf6 2. c4 e6 3. Nc3 Bb4 4. f3 d5 5. a3 Bxc3+ 6. bxc3 c5 7. cxd5 Nxd5 8. dxc5 Qa5 9. e4 Nf6 10. Be3 0-0 11. Qb3 Nfd7 12. a4 Qc7 13. Qa3 b6 14. a5 bxc5 15. a6 c4 16. Qa5 Nb6 17. Nh3 Nc6 18. Qc5 e5 19. Be2 h6 20. 0-0 Be6 21. Rfd1 Rfc8 22. Kf1 Rab8 23. Qd6 Qxd6 24. Rxd6 Rc7 25. Nf2 Nc8 26. Rdd1 Rb3 27. Rdc1 f6 28. g3 Nd6 29. Bd1 Rb5 30. Ba4 Ra5 31. Bxc6 Rxa1 32. Rxa1 Rxc6 33. Bxa7 Bc8 34. Bb8 Bxa6 35. Bxd6 Rxd6 36. Ke2 Kf7 37. Nd1 Bc8 38. Ne3 Be6 39. Ra7+ Kf8 40. Nc2 Rd3 41. Ra3 1/2-1/2

[Event "WC-2011-F-00001"]
[Site "LSS email"]
[Date "2011.11.23"]
[Round "?"]
[White "Dvoinikov, Andrey Nikolaevich"]
[Black "Pappier, Carlos Guillermo"]
[Result "1/2-1/2"]
[WhiteElo "2484"]
[BlackElo "2480"]
[PlyCount "68"]
[EventDate "2011.12.01"]
[EventType "tourn (corr)"]
[EventRounds "14"]
[EventCountry "GER"]
[SourceTitle "Telechess CBM 163"]
[Source "ChessBase"]
[SourceDate "2014.11.11"]
[SourceVersion "2"]
[SourceVersionDate "2014.11.11"]
[SourceQuality "1"]

1. e4 e5 2. Nf3 Nc6 3. Bb5 Nf6 4. 0-0 Nxe4 5. d4 Nd6 6. Bxc6 dxc6 7. dxe5 Nf5 8. Qxd8+ Kxd8 9. Nc3 Bd7 10. h3 h6 11. b3 Kc8 12. Bb2 b6 13. Rad1 Ne7 14. Rfe1 c5 15. Ne2 Ng6 16. h4 Bg4 17. Nh2 Bxe2 18. Rxe2 Nxh4 19. g3 Nf5 20. Nf3 Rg8 21. Red2 Be7 22. g4 Nh4 23. Nxh4 Bxh4 24. Rd7 Rf8 25. R1d3 a5 26. a4 Kb7 27. e6 fxe6 28. Bxg7 c4 29. Rc3 Kc6 30. Rd1 Bxf2+ 31. Kg2 Rf7 32. Bxh6 Bc5 33. Rxc4 Rf2+ 34. Kg3 Re2 1/2-1/2

[Event "WC-2014-S-00014"]
[Site "LSS email"]
[Date "2011.07.16"]
[Round "?"]
[White "Dvoinikov, Andrey Nikolaevich"]
[Black "Schubert, Volker"]
[Result "1/2-1/2"]
[WhiteElo "2484"]
[BlackElo "1846"]
[PlyCount "158"]
[EventDate "2011.07.22"]
[EventType "tourn (corr)"]
[EventRounds "6"]
[EventCountry "GER"]
[SourceTitle "Telechess CBM 161"]
[Source "ChessBase"]
[SourceDate "2014.07.16"]
[SourceVersion "1"]
[SourceVersionDate "2014.07.16"]
[SourceQuality "1"]

1. e4 c5 2. Nf3 d6 3. d4 cxd4 4. Nxd4 Nf6 5. Nc3 a6 6. Be3 e5 7. Nb3 Be6 8. f3 Be7 9. Qd2 0-0 10. 0-0-0 Nbd7 11. g4 b5 12. Rg1 Nb6 13. Na5 Rc8 14. g5 Nh5 15. Kb1 g6 16. h4 b4 17. Nd5 Nxd5 18. exd5 Qxa5 19. dxe6 fxe6 20. Bh3 Ng7 21. h5 d5 22. hxg6 hxg6 23. Rh1 d4 24. Qh2 Kf7 25. Bc1 Qd5 26. Rhe1 Rh8 27. Rxe5 Qc6 28. Ree1 d3 29. cxd3 Bd6 30. Qg2 b3 31. f4 Qc2+ 32. Ka1 Nf5 33. Qb7+ Rc7 34. Qe4 Rxh3 35. Qxe6+ Kg7 36. Bd2 Rh2 37. Rc1 Rxd2 38. Rxc2 Rcxc2 39. Qd7+ Kg8 40. axb3 Rxb2 41. Re8+ Bf8 42. Qc8 Ra2+ 43. Kb1 Rab2+ 44. Kc1 Rbc2+ 45. Qxc2 Rxc2+ 46. Kxc2 Kf7 47. Ra8 Bd6 48. Ra7+ Ne7 49. Rxa6 Ke6 50. Kd2 Nd5 51. f5+ gxf5 52. g6 Ke7 53. d4 Bc7 54. Rc6 Bd6 55. g7 Bf4+ 56. Ke2 Kf7 57. Kf3 Bh2 58. Rg6 Ne7 59. Rg2 Bd6 60. Ke2 Bf4 61. g8Q+ Nxg8 62. Rf2 Bd6 63. Rxf5+ Ke6 64. Ra5 Ne7 65. Kd3 Nd5 66. Kc4 Ne3+ 67. Kc3 Nd5+ 68. Kd3 Be7 69. Ra7 Bd6 70. Rh7 Bf8 71. Rh8 Bd6 72. Rh6+ Kd7 73. Kc4 Ne3+ 74. Kc3 Nd5+ 75. Kd3 Kc6 76. Kc4 Ne3+ 77. Kc3 Nd5+ 78. Kc4 Ne3+ 79. Kc3 Nd5+ 1/2-1/2

[Event "WC-2014-S-00014"]
[Site "LSS email"]
[Date "2011.07.16"]
[Round "?"]
[White "Kuhne, Detlev"]
[Black "Dvoinikov, Andrey Nikolaevich"]
[Result "1-0"]
[WhiteElo "2274"]
[BlackElo "2484"]
[PlyCount "127"]
[EventDate "2011.07.22"]
[EventType "tourn (corr)"]
[EventRounds "6"]
[EventCountry "GER"]
[SourceTitle "Telechess CBM 161"]
[Source "ChessBase"]
[SourceDate "2014.07.16"]
[SourceVersion "1"]
[SourceVersionDate "2014.07.16"]
[SourceQuality "1"]

1. e4 c5 2. Nf3 d6 3. d4 cxd4 4. Nxd4 Nf6 5. Nc3 a6 6. Be3 e5 7. Nb3 Be6 8. f3 Nbd7 9. Qd2 b5 10. 0-0-0 Be7 11. g4 b4 12. Nd5 Bxd5 13. exd5 Nb6 14. Qxb4 Nfxd5 15. Bxb6 Nxb6 16. f4 0-0 17. fxe5 a5 18. Qb5 Qc7 19. exd6 Bxd6 20. a4 Rae8 21. Nd4 Re4 22. Qd3 Rxg4 23. Qh3 Rg6 24. Bb5 Be5 25. Kb1 Rc8 26. c3 Rd6 27. Nb3 Nc4 28. Rhe1 Rcd8 29. Rxd6 Bxd6 30. Qd3 Ne5 31. Qd5 Ng4 32. Bf1 Bxh2 33. Qxa5 Qd6 34. Qb4 Qg6+ 35. Ka2 h5 36. Qb5 Nf6 37. Nd4 Rb8 38. Qc4 Bd6 39. Nc6 Qg3 40. Rd1 Re8 41. a5 Bc7 42. a6 Bb6 43. Qb5 Qf4 44. Nb4 Rb8 45. Bc4 Bf2 46. Qc6 Qe5 47. Qf3 Qe3 48. Qxe3 Bxe3 49. Nc6 Ra8 50. b4 Bb6 51. Ne5 h4 52. Bxf7+ Kh7 53. b5 Kh6 54. Rf1 Ne4 55. Kb2 Nd6 56. Bd5 Ra7 57. Nc6 Ra8 58. c4 Re8 59. a7 Ra8 60. Ra1 Nc8 61. Ra6 Kg5 62. Kc3 Bc5 63. Nd8 Rxa7 64. Ne6+ 1-0

[Event "BI-2010-F-00002"]
[Site "LSS email"]
[Date "2011.02.21"]
[Round "?"]
[White "Caldwell, Justin"]
[Black "Dvoinikov, Andrey Nikolaevich"]
[Result "0-1"]
[WhiteElo "2144"]
[BlackElo "2450"]
[PlyCount "80"]
[EventDate "2011.02.24"]
[EventType "tourn (corr)"]
[EventRounds "10"]
[EventCountry "GER"]
[SourceTitle "Telechess CBM 157"]
[Source "ChessBase"]
[SourceDate "2013.11.12"]
[SourceVersion "1"]
[SourceVersionDate "2013.11.12"]
[SourceQuality "1"]

1. d4 Nf6 2. c4 e6 3. Nf3 b6 4. g3 Ba6 5. b3 Bb4+ 6. Bd2 Be7 7. Bg2 c6 8. Bc3 d5 9. Ne5 Nfd7 10. Nxd7 Nxd7 11. Nd2 0-0 12. 0-0 f5 13. Rc1 Rc8 14. Bb2 Bd6 15. Nf3 Qe7 16. e3 Nf6 17. Qe2 Rfd8 18. Rfd1 c5 19. Ng5 Rd7 20. f4 h6 21. Nf3 cxd4 22. Nxd4 Rdc7 23. Nb5 Bxb5 24. cxb5 Rxc1 25. Rxc1 Rxc1+ 26. Bxc1 Ba3 27. Bxa3 Qxa3 28. Bf3 Qc1+ 29. Kf2 Kf7 30. h4 Ne4+ 31. Bxe4 dxe4 32. Kg2 Qb1 33. Qh5+ Ke7 34. Qe2 Qd3 35. Kf2 Qxe2+ 36. Kxe2 g5 37. hxg5 hxg5 38. Kd2 Kf6 39. Ke2 gxf4 40. gxf4 e5 0-1

[Event "BI-2010-F-00002"]
[Site "LSS email"]
[Date "2011.02.21"]
[Round "?"]
[White "Dvoinikov, Andrey Nikolaevich"]
[Black "Chukanov, Igor Anatolievich"]
[Result "1/2-1/2"]
[WhiteElo "2450"]
[BlackElo "2222"]
[PlyCount "124"]
[EventDate "2011.02.24"]
[EventType "tourn (corr)"]
[EventRounds "10"]
[EventCountry "GER"]
[SourceTitle "Telechess CBM 157"]
[Source "ChessBase"]
[SourceDate "2013.11.12"]
[SourceVersion "1"]
[SourceVersionDate "2013.11.12"]
[SourceQuality "1"]

1. e4 c6 2. d4 d5 3. e5 Bf5 4. Nf3 e6 5. Be2 Nd7 6. 0-0 h6 7. Nbd2 Ne7 8. Nb3 g5 9. Ne1 Qc7 10. Nd3 b6 11. Be3 Bg7 12. f4 c5 13. dxc5 gxf4 14. cxb6 axb6 15. Bxf4 Ng6 16. Bg3 0-0 17. Nd4 Be4 18. c3 Ngxe5 19. Nf2 Bg6 20. Bb5 Nf6 21. Nc6 Nh5 22. Bxe5 Bxe5 23. Nxe5 Qxe5 24. a4 Kh7 25. Qf3 Qf6 26. Qg4 Rg8 27. g3 Qg5 28. Rad1 Ra7 29. Qf3 Qf6 30. Qe3 Qg5 31. Qxg5 hxg5 32. Ng4 Be4 33. Ne5 f5 34. Bd7 Rg7 35. Bxe6 Nf4 36. gxf4 gxf4+ 37. Kf2 Rg2+ 38. Ke1 Re7 39. Bxf5+ Bxf5 40. Rxd5 Be4 41. Rd7 Rgg7 42. Rxe7 Rxe7 43. Rxf4 Rxe5 44. Kd2 Kg6 45. c4 Bc6 46. b3 Rf5 47. Rh4 Rf3 48. Kc2 Kf7 49. Rh6 Be4+ 50. Kb2 Rf2+ 51. Ka3 Bg6 52. Rh8 Rf6 53. h4 Bc2 54. Rh5 Ke7 55. Rd5 Bg6 56. c5 Bf7 57. Re5+ Kd7 58. cxb6 Rxb6 59. Re3 Rh6 60. Rh3 Kc6 61. Rc3+ Kb7 62. Rf3 Be6 1/2-1/2

[Event "BI-2010-F-00002"]
[Site "LSS email"]
[Date "2011.02.21"]
[Round "?"]
[White "Mason, Ian C"]
[Black "Dvoinikov, Andrey Nikolaevich"]
[Result "0-1"]
[WhiteElo "2136"]
[BlackElo "2450"]
[PlyCount "122"]
[EventDate "2011.02.24"]
[EventType "tourn (corr)"]
[EventRounds "10"]
[EventCountry "GER"]
[SourceTitle "Telechess CBM 157"]
[Source "ChessBase"]
[SourceDate "2013.11.12"]
[SourceVersion "1"]
[SourceVersionDate "2013.11.12"]
[SourceQuality "1"]

1. d4 Nf6 2. c4 e6 3. g3 d5 4. Bg2 Be7 5. Nf3 0-0 6. 0-0 dxc4 7. Qc2 a6 8. a4 Bd7 9. Qxc4 Bc6 10. Bf4 a5 11. Nc3 Na6 12. Ne5 Bxg2 13. Kxg2 Nd5 14. Rad1 Nxf4+ 15. gxf4 c6 16. e3 Nb4 17. Rg1 Qe8 18. Ne4 b5 19. Qb3 bxa4 20. Qxa4 f6 21. Nc4 Qh5 22. Nc3 Rfb8 23. h3 Qf7 24. Nd2 Kh8 25. Nde4 Ra7 26. Rd2 Qe8 27. Kh2 Nd5 28. Rc1 Rab7 29. Qa2 g5 30. fxg5 fxg5 31. Rg1 h6 32. Rg2 Rb4 33. Rg3 Qg6 34. Kg1 a4 35. Rg4 Qf5 36. Kg2 h5 37. Rg3 Rf8 38. Kg1 h4 39. Rg2 Kh7 40. Kh2 Kh6 41. Qa1 e5 42. Qd1 Rfb8 43. Qg4 Qxg4 44. Rxg4 exd4 45. exd4 Nxc3 46. Nxc3 Rxb2 47. Rxb2 Rxb2 48. Nxa4 Rxf2+ 49. Kg1 Rd2 50. Re4 Bf6 51. Re6 Kg7 52. Rxc6 Bxd4+ 53. Kh1 Rd3 54. Kg2 Rg3+ 55. Kh2 Be5 56. Rc5 Kf6 57. Rc6+ Kf5 58. Nc5 Rc3+ 59. Kg2 Rc2+ 60. Kf1 Rc1+ 61. Ke2 g4 0-1

[Event "LSS WC-2012-T-00006"]
[Site "LSS email"]
[Date "2010.12.19"]
[Round "?"]
[White "Dvoinikov, Andrey Nikolaevich"]
[Black "Domanov, Dmitry"]
[Result "0-1"]
[WhiteElo "2421"]
[BlackElo "2437"]
[PlyCount "120"]
[EventDate "2010.12.18"]
[EventType "tourn (corr)"]
[EventRounds "10"]
[EventCountry "GER"]
[SourceTitle "Telechess CBM 155"]
[Source "ChessBase"]
[SourceDate "2013.07.16"]
[SourceVersion "1"]
[SourceVersionDate "2013.07.16"]
[SourceQuality "1"]

1. e4 c5 2. Nf3 d6 3. d4 cxd4 4. Nxd4 Nf6 5. Nc3 a6 6. Be3 e6 7. f3 b5 8. Qd2 Nbd7 9. g4 b4 10. Nce2 h6 11. 0-0-0 Qc7 12. Bg2 Ne5 13. Qxb4 Nc4 14. Qc3 d5 15. Bf4 e5 16. Bxe5 Qxe5 17. Rhe1 Qc7 18. exd5 Bd6 19. b3 Na5 20. Qxc7 Bxc7 21. f4 Bd6 22. h3 0-0 23. c4 Bb4 24. Rf1 Re8 25. Ng3 Rb8 26. g5 hxg5 27. fxg5 Ba3+ 28. Kd2 Nd7 29. Nc2 Be7 30. h4 Ne5 31. Kc3 Bg4 32. Rde1 Bf8 33. Rf4 Bd7 34. Rfe4 g6 35. h5 Rbc8 36. h6 Bd6 37. Nf1 Bf5 38. Rd4 Bc5 39. Rf4 Bb6 40. Nb4 Nb7 41. Ng3 Ba5 42. a3 Nd6 43. Bf1 Kh8 44. Nxf5 gxf5 45. Kc2 Bd8 46. Bd3 Bxg5 47. Rff1 f4 48. Nxa6 f5 49. c5 Bh4 50. Re2 f3 51. Rxe5 Rxe5 52. Rxf3 Rxd5 53. b4 Bg5 54. a4 Ne4 55. h7 Rc6 56. a5 Rh6 57. Nc7 Rd4 58. Bxe4 fxe4 59. Rf5 Be3 60. Nd5 Rd3 0-1

[Event "LSS WC-2012-T-00006"]
[Site "LSS email"]
[Date "2010.12.19"]
[Round "?"]
[White "Dvoinikov, Andrey Nikolaevich"]
[Black "Szabo, Vilmos"]
[Result "1/2-1/2"]
[WhiteElo "2421"]
[BlackElo "2395"]
[PlyCount "97"]
[EventDate "2010.12.18"]
[EventType "tourn (corr)"]
[EventRounds "10"]
[EventCountry "GER"]
[SourceTitle "Telechess CBM 155"]
[Source "ChessBase"]
[SourceDate "2013.07.16"]
[SourceVersion "1"]
[SourceVersionDate "2013.07.16"]
[SourceQuality "1"]

1. e4 e5 2. Nf3 Nc6 3. Bb5 a6 4. Ba4 Nf6 5. 0-0 Be7 6. Re1 b5 7. Bb3 d6 8. c3 0-0 9. h3 Re8 10. d4 Bb7 11. Nbd2 Bf8 12. a3 h6 13. Bc2 d5 14. dxe5 Nxe5 15. Nxe5 Rxe5 16. Nf3 Re8 17. e5 Ne4 18. Bf4 c5 19. Qe2 g5 20. Bh2 f5 21. a4 Qb6 22. h4 g4 23. Nd2 c4 24. Nxe4 dxe4 25. Red1 Rad8 26. Bf4 Rd3 27. axb5 axb5 28. Bxd3 exd3 29. Qe3 Qc6 30. Qg3 Be7 31. Ra7 h5 32. b3 Bc5 33. Raa1 cxb3 34. Rxd3 Ra8 35. Rxa8+ Bxa8 36. Rd8+ Kh7 37. Rxa8 Qxa8 38. Qd3 Kg6 39. Qxb5 Qa1+ 40. Kh2 Bxf2 41. Qc6+ Kh7 42. Qh6+ Kg8 43. Qg6+ Kh8 44. Qxh5+ Kg8 45. Qg6+ Kh8 46. Qh6+ Kg8 47. Qg6+ Kh8 48. Qh6+ Kg8 49. Qg6+ 1/2-1/2

[Event "LSS WC-2012-T-00006"]
[Site "LSS email"]
[Date "2010.12.19"]
[Round "?"]
[White "Dvoinikov, Andrey Nikolaevich"]
[Black "Zielinski, Sergej"]
[Result "1-0"]
[WhiteElo "2421"]
[BlackElo "2139"]
[PlyCount "119"]
[EventDate "2010.12.18"]
[EventType "tourn (corr)"]
[EventRounds "10"]
[EventCountry "GER"]
[SourceTitle "Telechess CBM 155"]
[Source "ChessBase"]
[SourceDate "2013.07.16"]
[SourceVersion "1"]
[SourceVersionDate "2013.07.16"]
[SourceQuality "1"]

1. e4 e5 2. Nf3 Nc6 3. Bb5 a6 4. Ba4 Nf6 5. 0-0 Be7 6. Re1 b5 7. Bb3 d6 8. c3 0-0 9. h3 Na5 10. Bc2 c5 11. d4 Qc7 12. Nbd2 cxd4 13. cxd4 Nc6 14. Nb3 a5 15. Be3 a4 16. Nbd2 Bd7 17. Rc1 Qb7 18. Qe2 Rfc8 19. Bd3 Nxd4 20. Nxd4 Rxc1 21. Rxc1 exd4 22. Bxd4 Bc6 23. Nf1 Nd7 24. Ne3 Ne5 25. f3 Bf6 26. Kh1 g6 27. Qf1 Bg7 28. Be2 h5 29. Rd1 Re8 30. a3 b4 31. Ba6 Qb8 32. Rc1 bxa3 33. bxa3 Qa8 34. Bc4 Bh6 35. Ba2 Bf4 36. Qe1 Qa6 37. Qh4 Bxe3 38. Bxe3 Qe2 39. Qf2 Qxf2 40. Bxf2 Rb8 41. Bd4 Bd7 42. Bd5 g5 43. Rc7 Rc8 44. Rxc8+ Bxc8 45. Bxe5 dxe5 46. Bc6 Kf8 47. Bxa4 Ke7 48. Kg1 Kd6 49. Bb3 f6 50. h4 Bd7 51. g3 Be8 52. Kf2 Kc5 53. Ke3 Kb5 54. Kd3 Kc5 55. Kc3 Bg6 56. Bd5 Kb5 57. a4+ Kc5 58. Bc4 gxh4 59. gxh4 Be8 60. a5 1-0